The origins of genome architecture / (Record no. 88)

000 -LEADER
fixed length control field 01967cam a22004694a 4500
001 - CONTROL NUMBER
control field 14686540
003 - CONTROL NUMBER IDENTIFIER
control field OSt
005 - DATE AND TIME OF LATEST TRANSACTION
control field 20210411114255.0
008 - FIXED-LENGTH DATA ELEMENTS--GENERAL INFORMATION
fixed length control field 070103s2007 maua b 001 0 eng
010 ## - LIBRARY OF CONGRESS CONTROL NUMBER
LC control number 2007000012
015 ## - NATIONAL BIBLIOGRAPHY NUMBER
National bibliography number GBA652908
Source bnb
016 7# - NATIONAL BIBLIOGRAPHIC AGENCY CONTROL NUMBER
Record control number 101296442
Source DNLM
016 7# - NATIONAL BIBLIOGRAPHIC AGENCY CONTROL NUMBER
Record control number 013486117
Source Uk
020 ## - INTERNATIONAL STANDARD BOOK NUMBER
International Standard Book Number 9780878934843 (alk. paper)
020 ## - INTERNATIONAL STANDARD BOOK NUMBER
International Standard Book Number 0878934847 (alk. paper)
035 ## - SYSTEM CONTROL NUMBER
System control number (OCoLC)ocm77574049
035 ## - SYSTEM CONTROL NUMBER
System control number (OCoLC)77574049
040 ## - CATALOGING SOURCE
Original cataloging agency DNLM/DLC
Transcribing agency DLC
Modifying agency BTCTA
-- NLM
-- C#P
-- BAKER
-- YDXCP
-- UKM
-- DLC
042 ## - AUTHENTICATION CODE
Authentication code pcc
050 00 - LIBRARY OF CONGRESS CALL NUMBER
Classification number QH390
Item number .L96 2007
080 ## - UNIVERSAL DECIMAL CLASSIFICATION NUMBER
Universal Decimal Classification number 575
Item number L-99
100 1# - MAIN ENTRY--PERSONAL NAME
Personal name Lynch, Michael,
Dates associated with a name 1951-
245 14 - TITLE STATEMENT
Title The origins of genome architecture /
Statement of responsibility, etc. Michael Lynch.
260 ## - PUBLICATION, DISTRIBUTION, ETC.
Place of publication, distribution, etc. Sunderland, Mass. :
Name of publisher, distributor, etc. Sinauer Associates,
Date of publication, distribution, etc. c2007.
300 ## - PHYSICAL DESCRIPTION
Extent xvi, 494 p. :
Other physical details ill. (some col.) ;
Dimensions 25 cm.
504 ## - BIBLIOGRAPHY, ETC. NOTE
Bibliography, etc. note Includes bibliographical references (p. [401]-470) and indexes.
505 0# - FORMATTED CONTENTS NOTE
Formatted contents note The origin of eukaryotes -- Genome size and organismal complexity -- The human genome -- Why population size matters -- Three keys to chromosomal integrity -- The nucleotide composition landscape -- Mobile genetic elements -- Genomic expansion by gene duplication -- Genes in pieces -- Transcript production -- Expansion and contraction of organelle genomes -- Sex chromosomes -- Genomfart.
650 #0 - SUBJECT ADDED ENTRY--TOPICAL TERM
Topical term or geographic name entry element Evolutionary genetics.
650 #0 - SUBJECT ADDED ENTRY--TOPICAL TERM
Topical term or geographic name entry element Genomes.
650 #0 - SUBJECT ADDED ENTRY--TOPICAL TERM
Topical term or geographic name entry element Molecular evolution.
650 #0 - SUBJECT ADDED ENTRY--TOPICAL TERM
Topical term or geographic name entry element Population genetics.
650 12 - SUBJECT ADDED ENTRY--TOPICAL TERM
Topical term or geographic name entry element Genome
General subdivision genetics.
650 22 - SUBJECT ADDED ENTRY--TOPICAL TERM
Topical term or geographic name entry element Eukaryotic Cells.
650 22 - SUBJECT ADDED ENTRY--TOPICAL TERM
Topical term or geographic name entry element Evolution, Molecular.
653 ## - INDEX TERM--UNCONTROLLED
Uncontrolled term გენეტიკა
653 ## - INDEX TERM--UNCONTROLLED
Uncontrolled term გენომი
653 ## - INDEX TERM--UNCONTROLLED
Uncontrolled term ევოლუცია
856 41 - ELECTRONIC LOCATION AND ACCESS
Materials specified Table of contents only
Uniform Resource Identifier <a href="http://www.loc.gov/catdir/toc/ecip077/2007000012.html">http://www.loc.gov/catdir/toc/ecip077/2007000012.html</a>
906 ## - LOCAL DATA ELEMENT F, LDF (RLIN)
a 7
b cbc
c orignew
d 1
e ecip
f 20
g y-gencatlg
942 ## - ADDED ENTRY ELEMENTS (KOHA)
Source of classification or shelving scheme
Koha item type Books
Holdings
Withdrawn status Lost status Source of classification or shelving scheme Damaged status Not for loan Permanent location Current location Date acquired Inventory number Full call number Barcode Date last seen Price effective from Koha item type
          Ken Walker International University Ken Walker International University 11/06/2020 83 575 L-99 83 05/30/2023 11/06/2020 Books

Powered by Koha